000 00407nam a22001577a 4500
005 20241008103158.0
008 241008b |||||||| |||| 00| 0 eng d
082 _a346.7307
_bKHA-B
100 _aKhalid, Mehmood.Cheema
245 _aBusiness Law/
_cKhalid, Mehmood.Cheema
260 _aLahore;
_bSyed Mobin Mahmud & Co.
_c2012.
300 _a361 p.:
_c23 cm.
650 _aLaw
999 _c36661
_d36661